000
00322pab a2200133 454500
008
180718b xxu||||| |||| 00| 0 eng d
100
_a
Laxman, Srinivas
245
_a
Reforms may see IA, AI take off
650
_a
Air India
650
_a
Indian Airlines
650
_a
Aviation
773
_a
Times of India
909
_a
23325
999
_c
23325
_d
23325